Vademecum degli Archivi di Stato 1990 / Ministero per i Beni Culturali e Ambientali. Ufficio Centrale per i Beni Archivistici
Descripción Física:
70 p. ; 21 cm
Materias:
Arxius -- Itàlia
MARC
| LEADER | 00000nam a2200000Ia 4500 | ||
|---|---|---|---|
| 001 | 9458 | ||
| 003 | BGR | ||
| 005 | 20260324175300.0 | ||
| 008 | 160829s1990 xx 000 0 cat d | ||
| 080 | |a A-2-82 | ||
| 110 | 1 | |a Itàlia |b Govern |b Ufficio Centrale per i Beni Archivistici |9 71052 | |
| 245 | |a Vademecum degli Archivi di Stato 1990 / Ministero per i Beni Culturali e Ambientali. Ufficio Centrale per i Beni Archivistici | ||
| 260 | |a Città di Castello : |b PG [il Ministero], |c 1990 | ||
| 300 | |a 70 p. ; |c 21 cm | ||
| 650 | |a Arxius |x Itàlia |9 24751 | ||
| 901 | |a Arxiu | ||
| 942 | |n 1 |2 udc |c MON | ||
| 952 | |0 0 |1 0 |4 0 |6 A282 |7 1 |9 43302 |a Arxiu |b Arxiu |d 2016-12-01 |l 0 |o A-2-82 |p 9458 |r 2016-12-01 00:00:00 |w 2016-12-01 |y ARXIU | ||
| 999 | |c 45847 |d 45847 | ||